|
|
|
|
| LEADER |
00000cam a2200000 7i4500 |
| 001 |
0000001061 |
| 002 |
000001174 |
| 005 |
20000330.0 |
| 020 |
|
|
|a 086163540X
|
| 090 |
0 |
0 |
|a JF
|b BLY
|
| 100 |
1 |
|
|a Blyton, Enid
|
| 245 |
1 |
4 |
|a The secret mountain
|c Enid Blyton
|
| 260 |
|
|
|a London :
|b Award Publications ,
|c 1992
|
| 300 |
|
|
|a 158p ;
|c 19cm.
|
| 650 |
0 |
0 |
|a Adventure stories
|
| 999 |
|
|
|a 031281
|b BUKU
|c PINJAMAN
|e PERPUSTAKAAN KOMUNITI PETALING JAYA
|
| 999 |
|
|
|a 031282
|b BUKU
|c PINJAMAN
|e PERPUSTAKAAN KOMUNITI PETALING JAYA
|
| 999 |
|
|
|a 045059
|b BUKU
|c PINJAMAN
|e PERPUSTAKAAN KOMUNITI PETALING JAYA
|
| 999 |
|
|
|a 045060
|b BUKU
|c PINJAMAN
|e PERPUSTAKAAN KOMUNITI PETALING JAYA
|
| 999 |
|
|
|a 045061
|b BUKU
|c PINJAMAN
|e PERPUSTAKAAN KOMUNITI PETALING JAYA
|